[Event "ICS rated blitz match"]
[Site "204.178.125.65"]
[Date "2001.07.15"]
[Round "?"]
[White "MelRose21"]
[Black "Hossa"]
[Result "0-1"]
[WhiteElo "2191"]
[BlackElo "2584"]
[PlyCount "92"]
[EventDate "2001.??.??"]

1. e4 c6 2. d4 d5 3. exd5 cxd5 4. Nf3 Nc6 5. c3 e6 6. Bd3 Nf6 7. O-O Bd6 8. Re1
Ng4 9. h3 Nf6 10. Bg5 h6 11. Be3 g5 12. Nbd2 g4 13. hxg4 Nxg4 14. Nf1 Kd7 15.
Qd2 Nxe3 16. Qxe3 Kc7 17. Ne5 Bxe5 18. dxe5 Rg8 19. Ng3 Bd7 20. b4 Rg5 21. Qc5
Qf8 22. Qxf8 Rxf8 23. c4 Nxb4 24. Bb1 dxc4 25. a3 Nc6 26. Be4 Nxe5 27. Rab1 Bc6
28. Bxc6 Kxc6 29. Ne4 Nf3+ 30. Kf1 Nxe1 31. Nxg5 Nc2 32. Nf3 Nxa3 33. Ra1 Nb5
34. Ne5+ Kd5 35. Nf3 c3 36. Ne1 a6 37. Rd1+ Nd4 38. Nc2 e5 39. f4 Ke4 40. Re1+
Kxf4 41. Ne3 Rd8 42. Kf2 b5 43. g3+ Kg5 44. Ng2 Nc6 45. Ne3 Rd2+ 46. Kf3 Nd4+ {
MelRose21 resigns} 0-1

[Event "ICS rated blitz match"]
[Site "204.178.125.65"]
[Date "2001.07.15"]
[Round "?"]
[White "Hossa"]
[Black "MelRose21"]
[Result "1-0"]
[WhiteElo "2587"]
[BlackElo "2188"]
[PlyCount "43"]
[EventDate "2001.??.??"]

1. c4 e5 2. Nc3 Nc6 3. Nf3 Nf6 4. g3 Bb4 5. Bg2 Bxc3 6. bxc3 d6 7. d4 exd4 8.
cxd4 O-O 9. O-O Bg4 10. Rb1 Rb8 11. Ng5 h6 12. Nh3 Qd7 13. Nf4 g5 14. Nd5 Nxd5
15. cxd5 Ne7 16. Qc2 c6 17. dxc6 bxc6 18. Ba3 d5 19. Bxe7 Qxe7 20. Qxc6 Rxb1
21. Rxb1 Qxe2 22. Qxh6 {MelRose21 resigns} 1-0

[Event "ICS rated blitz match"]
[Site "204.178.125.65"]
[Date "2001.07.15"]
[Round "?"]
[White "MelRose21"]
[Black "Hossa"]
[Result "0-1"]
[WhiteElo "2185"]
[BlackElo "2590"]
[PlyCount "54"]
[EventDate "2001.??.??"]

1. e4 c5 2. Nc3 Nc6 3. f4 e6 4. Nf3 a6 5. d3 d5 6. g3 d4 7. Ne2 Nf6 8. Bg2 Be7
9. O-O O-O 10. h3 b5 11. g4 Bb7 12. Ng3 Qc7 13. g5 Nd7 14. h4 Nb6 15. e5 a5 16.
Ne4 Nb4 17. a3 N4d5 18. Nh2 Qd7 19. Qh5 c4 20. Ng4 Kh8 21. Ngf6 Bxf6 22. gxf6
gxf6 23. Kh2 Rg8 24. Nc5 Rxg2+ 25. Kh3 Rag8 26. Qf3 Ne3 27. Nxb7 Nxf1 {
MelRose21 resigns} 0-1

[Event "ICS rated blitz match"]
[Site "204.178.125.65"]
[Date "2001.07.15"]
[Round "?"]
[White "Hossa"]
[Black "MelRose21"]
[Result "1-0"]
[WhiteElo "2593"]
[BlackElo "2182"]
[PlyCount "79"]
[EventDate "2001.??.??"]

1. Nf3 d5 2. c4 c6 3. d4 Nf6 4. Nc3 e6 5. e3 Be7 6. Bd2 O-O 7. Bd3 Nbd7 8. cxd5
exd5 9. Qc2 h6 10. O-O-O b5 11. Rhg1 Nb6 12. Ne5 Bd7 13. g4 Nc4 14. Nxd7 Nxd7
15. Kb1 a5 16. Bc1 Ndb6 17. Rh1 Bh4 18. Rdf1 b4 19. Na4 Nxa4 20. Qxa4 Qd6 21.
Qc2 Nb6 22. Re1 a4 23. Qe2 c5 24. dxc5 Qxc5 25. Bd2 Nc4 26. Rc1 Nxd2+ 27. Qxd2
Qa5 28. Rhd1 Bf6 29. Be2 Rfd8 30. Bf3 a3 31. b3 d4 32. Bxa8 Qxa8 33. Qc2 dxe3
34. Rxd8+ Qxd8 35. fxe3 Qe7 36. Qf5 g6 37. Qf4 Bg5 38. Qd4 Bxe3 39. Rc8+ Kh7
40. Qh8# {MelRose21 checkmated} 1-0

[Event "ICS rated blitz match"]
[Site "204.178.125.65"]
[Date "2001.07.15"]
[Round "?"]
[White "MelRose21"]
[Black "Hossa"]
[Result "0-1"]
[WhiteElo "2179"]
[BlackElo "2596"]
[PlyCount "130"]
[EventDate "2001.??.??"]

1. e4 c5 2. Nc3 Nc6 3. f4 e6 4. Nf3 a6 5. d3 d5 6. e5 Nh6 7. Be2 Be7 8. O-O O-O
9. h3 Nf5 10. Kh2 d4 11. Ne4 b6 12. g4 Ne3 13. Bxe3 dxe3 14. g5 Bb7 15. c3 c4
16. Ng3 cxd3 17. Qxd3 Qxd3 18. Bxd3 Rfd8 19. Be4 Na5 20. Bxb7 Nxb7 21. Rfe1 Nc5
22. Rxe3 Nd3 23. f5 Nxb2 24. f6 Bc5 25. Re2 Na4 26. Ne4 Nxc3 27. Nxc3 Rd3 28.
Ne4 Rxf3 29. Nxc5 bxc5 30. Kg2 Rf5 31. h4 gxf6 32. exf6 Rc8 33. Rb1 h6 34. Rb6
hxg5 35. Rxa6 gxh4 36. Kh3 Rxf6 37. Ra4 c4 38. Rc2 Rf4 39. Ra5 f5 40. Re5 Kf7
41. Rce2 Re8 42. Rc5 Rg8 43. Rc2 Rgg4 44. a4 Ke7 45. a5 Kd6 46. Rb5 Rf3+ 47.
Kh2 Rb3 48. Rxb3 cxb3 49. Rb2 Rg3 50. a6 Kc6 51. a7 Kb7 52. Re2 Kxa7 53. Rxe6
b2 54. Re1 Kb6 55. Rb1 Rb3 56. Kh1 Kc5 57. Kh2 h3 58. Kh1 f4 59. Kh2 f3 60.
Kxh3 f2+ 61. Kg2 f1=Q+ 62. Kxf1 Kd4 63. Ke1 Kd3 64. Kd1 Ra3 65. Rxb2 Ra1+ {
MelRose21 resigns} 0-1

[Event "ICS rated blitz match"]
[Site "204.178.125.65"]
[Date "2001.07.15"]
[Round "?"]
[White "monsoon"]
[Black "Hossa"]
[Result "1/2-1/2"]
[WhiteElo "2655"]
[BlackElo "2600"]
[PlyCount "101"]
[EventDate "2001.??.??"]

1. e4 c5 2. Nf3 Nc6 3. d4 cxd4 4. Nxd4 Nf6 5. Nc3 e5 6. Ndb5 d6 7. Bg5 a6 8.
Na3 b5 9. Nd5 Be7 10. Bxf6 Bxf6 11. c3 Bg5 12. Nc2 O-O 13. a4 bxa4 14. Rxa4 a5
15. Bc4 Rb8 16. b3 Kh8 17. O-O g6 18. b4 f5 19. Qe2 fxe4 20. Rfa1 axb4 21. cxb4
Bf5 22. b5 Nd4 23. Nxd4 exd4 24. g4 Be6 25. Qxe4 Bxd5 26. Qxd5 Qf6 27. Qg2 Bh4
28. Rf1 Qf4 29. Ra2 Rbc8 30. Bd3 Rc1 31. Rxc1 Qxc1+ 32. Qf1 Qg5 33. h3 Qf4 34.
b6 Qf3 35. Rb2 Rb8 36. Ba6 Qc3 37. Rb5 Rf8 38. b7 Bxf2+ 39. Qxf2 Qc1+ 40. Kg2
Rxf2+ 41. Kxf2 Qe3+ 42. Kg2 Qe2+ 43. Kh1 Qf1+ 44. Kh2 Qf2+ 45. Kh1 Qf3+ 46. Kh2
Qf4+ 47. Kg2 Qe4+ 48. Kh2 Qe2+ 49. Kh1 Qf1+ 50. Kh2 Qf2+ 51. Kh1 {
Game drawn by mutual agreement} 1/2-1/2

[Event "ICS rated standard match"]
[Site "204.178.125.65"]
[Date "2001.07.15"]
[Round "?"]
[White "Bigaby"]
[Black "Hossa"]
[Result "1/2-1/2"]
[WhiteElo "2238"]
[BlackElo "2262"]
[PlyCount "70"]
[EventDate "2001.??.??"]

1. e4 c5 2. Nc3 Nc6 3. f4 e6 4. Nf3 a6 5. d3 d5 6. exd5 exd5 7. d4 Nf6 8. g3
Qe7+ 9. Be2 Bh3 10. Ng5 Bf5 11. Nf3 Nb4 12. O-O Nxc2 13. Bd3 Ne3 14. Qa4+ Bd7
15. Nb5 O-O-O 16. Re1 Nfg4 17. Bxe3 Nxe3 18. Ne5 g5 19. Rxe3 gxf4 20. Re2 Bxb5
21. Bxb5 fxg3 22. Nc6 gxh2+ 23. Kh1 Qf6 24. Bxa6 Qf3+ 25. Rg2 bxa6 26. Qxa6+
Kc7 27. Ne5 Qh3 28. Nxf7 Rb8 29. Qa5+ Kb7 30. Qb5+ Kc7 31. Qa5+ Kb7 32. Qb5+
Kc7 33. Qa5+ Kb7 34. Qb5+ Kc7 35. Qa5+ Kb7 {Game drawn by repetition} 1/2-1/2

[Event "ICS rated standard match"]
[Site "204.178.125.65"]
[Date "2001.07.15"]
[Round "?"]
[White "Hossa"]
[Black "JustinSane"]
[Result "1-0"]
[WhiteElo "2261"]
[BlackElo "2123"]
[PlyCount "51"]
[EventDate "2001.??.??"]

1. e4 g6 2. d4 Bg7 3. Nc3 a6 4. Nf3 d6 5. Be2 b5 6. O-O Bb7 7. Re1 Nd7 8. a4 b4
9. Na2 a5 10. Bd3 Ngf6 11. e5 Nd5 12. Bg5 h6 13. e6 hxg5 14. Nxg5 Nf8 15. Nxf7
Qc8 16. Nxh8 Bxh8 17. Qf3 Bf6 18. c4 bxc3 19. bxc3 Nxe6 20. Bxg6+ Kd8 21. Bf5
Ndf4 22. Qg4 Bd5 23. g3 Ng2 24. Rxe6 Bxe6 25. Bxe6 Qb7 26. Qg8# {
JustinSane checkmated} 1-0

[Event "ICS rated blitz match"]
[Site "204.178.125.65"]
[Date "2001.07.15"]
[Round "?"]
[White "Hossa"]
[Black "baldomero"]
[Result "1-0"]
[WhiteElo "2603"]
[BlackElo "2247"]
[PlyCount "25"]
[EventDate "2001.??.??"]

1. e4 e6 2. d4 d5 3. Nd2 Nf6 4. e5 Nfd7 5. Bd3 c5 6. c3 Nc6 7. Ne2 Be7 8. O-O
c4 9. Bc2 b5 10. f4 g6 11. b3 a5 12. bxc4 dxc4 13. a4 {baldomero resigns} 1-0

[Event "ICS rated standard match"]
[Site "204.178.125.65"]
[Date "2001.07.15"]
[Round "?"]
[White "MatapolloX"]
[Black "Hossa"]
[Result "0-1"]
[WhiteElo "2000"]
[BlackElo "2271"]
[PlyCount "23"]
[EventDate "2001.??.??"]

1. e4 c5 2. Nf3 Nc6 3. d4 cxd4 4. Nxd4 Nf6 5. Nc3 e5 6. Ndb5 d6 7. Bg5 a6 8.
Na3 b5 9. Nd5 Be7 10. Bxf6 Bxf6 11. g3 O-O 12. Bg2 {MatapolloX resigns} 0-1

[Event "ICS rated blitz match"]
[Site "204.178.125.65"]
[Date "2001.07.15"]
[Round "?"]
[White "monsoon"]
[Black "Hossa"]
[Result "0-1"]
[WhiteElo "2642"]
[BlackElo "2607"]
[PlyCount "208"]
[EventDate "2001.??.??"]

1. d4 Nf6 2. c4 e6 3. Nc3 Bb4 4. e3 O-O 5. Bd3 d5 6. Nf3 c5 7. O-O dxc4 8. Bxc4
Nbd7 9. Qe2 cxd4 10. exd4 Nb6 11. Bg5 Nxc4 12. Qxc4 Be7 13. Rac1 b6 14. Bf4 Bb7
15. Ne5 Rc8 16. Qa4 a6 17. Rfd1 Nd5 18. Bd2 b5 19. Qb3 Nxc3 20. bxc3 Bd5 21.
Qb2 Bd6 22. h3 Qh4 23. Re1 Rc7 24. Nd3 Rfc8 25. Nb4 Bb7 26. Nd3 Rd8 27. Ra1 Qh5
28. Re3 Qg6 29. f3 Qg3 30. Kf1 Qh2 31. Be1 Qh1+ 32. Kf2 Rdc8 33. Qb1 Qh2 34.
Kf1 Bd5 35. Qb2 b4 36. Nxb4 Bc4+ 37. Nd3 Bf4 38. Qd2 Bxe3 39. Qxe3 Rb7 40. Kf2
a5 41. Rc1 Bxa2 42. Ra1 Bb1 43. Rxa5 Bxd3 44. Qxd3 Rb2+ 45. Bd2 Qf4 46. Ke2 Qg3
47. Kf1 Rcb8 48. Ra1 Qh2 49. Kf2 Qf4 50. Ke1 Qd6 51. Kf1 Rc8 52. Rb1 Ra2 53.
Kg1 Qg3 54. Qe3 Rb8 55. Rxb8+ Qxb8 56. Be1 Qb2 57. Bf2 h5 58. h4 Qb1+ 59. Be1
Qc2 60. Qf2 Qxf2+ 61. Bxf2 Ra1+ 62. Kh2 Rc1 63. d5 exd5 64. Bd4 Rc2 65. f4 f5
66. Kg3 Kf7 67. Kf3 g6 68. Be5 Rc1 69. Bd4 Rh1 70. g3 Ke6 71. Ke2 Rb1 72. Ke3
Kd6 73. Kd3 Rb2 74. Ke3 Kc6 75. Be5 Kc5 76. Bf6 Kc4 77. Bd4 Rc2 78. Be5 Rxc3+
79. Bxc3 Kxc3 80. Ke2 d4 81. Kf2 Kc2 82. Kf3 d3 83. Ke3 d2 84. Kd4 d1=Q+ 85.
Ke5 Qe1+ 86. Kd5 Kd3 87. g4 Qe4+ 88. Kc5 Qe6 89. gxh5 Qc4+ 90. Kd6 Qxf4+ 91.
Ke7 Qxh4+ 92. Ke8 Qe7+ 93. Kxe7 gxh5 94. Kd8 Ke4 95. Kc7 f4 96. Kd8 f3 97. Ke7
f2 98. Kd6 f1=Q 99. Kc5 Ke5 100. Kc6 Qc4+ 101. Kb7 Kd6 102. Kb8 Kc6 103. Ka7
Kc7 104. Ka8 Qa4# {monsoon checkmated} 0-1

[Event "ICS rated blitz match"]
[Site "204.178.125.65"]
[Date "2001.07.16"]
[Round "?"]
[White "Hossa"]
[Black "monsoon"]
[Result "0-1"]
[WhiteElo "2625"]
[BlackElo "2624"]
[PlyCount "268"]
[EventDate "2001.??.??"]

1. c4 c5 2. g3 g6 3. Bg2 Bg7 4. Nc3 Nc6 5. a3 a6 6. d3 Bxc3+ 7. bxc3 e5 8. Nf3
d6 9. O-O Bg4 10. Rb1 Qc7 11. Qb3 Rb8 12. h3 Bxf3 13. Bxf3 Qd7 14. Bg2 f6 15.
f4 exf4 16. Qb6 Nge7 17. Bxf4 g5 18. Bd2 O-O 19. Rf2 Qe6 20. Rbf1 Qe5 21. g4
Kh8 22. a4 Rf7 23. e4 Rff8 24. Qb1 Ng6 25. Qc1 Kg8 26. Be1 Nf4 27. Qc2 Kh8 28.
Bd2 Nxg2 29. Kxg2 b6 30. Rf5 Qe7 31. Be1 Ne5 32. Bg3 Qg7 33. Qe2 Rbc8 34. Rb1
Rc6 35. Qf1 Qh6 36. Rb2 Nd7 37. Rd2 Qg7 38. Rdf2 Qe7 39. Kg1 Rcc8 40. Bh2 Qe6
41. Qd1 Rf7 42. Bg3 Rcf8 43. Qf1 Rg7 44. Rb2 Rc8 45. Rd5 Rc6 46. Rf2 Rg6 47.
Rdf5 Rc8 48. Rg2 Rcg8 49. Be1 Rh6 50. Rgf2 Qe7 51. Rb2 Qd8 52. Bg3 Qc7 53. Rbf2
Rgg6 54. Bh2 Qc6 55. Ra2 Rg8 56. Bg3 Rg7 57. a5 Qc7 58. axb6 Qxb6 59. Raf2 Rgg6
60. R5f3 a5 61. Rf5 Qc6 62. Rb2 Rg8 63. Bf2 a4 64. Be3 Ra8 65. Bc1 Qa6 66. Rb1
Rg6 67. Ba3 Qc6 68. Rb5 Rh6 69. Rf3 Ra6 70. Rb2 Ra7 71. Rb1 Rb7 72. Ra1 Rb3 73.
Rf2 Qa8 74. Bc1 Rb6 75. Be3 Ra6 76. Raa2 a3 77. Bc1 Ra4 78. Rf3 Kg8 79. Rg3 Ne5
80. Qf5 Kg7 81. Re3 Qa5 82. d4 cxd4 83. cxd4 Rxc4 84. dxe5 Rxc1+ 85. Kg2 Qxe5
86. Rexa3 Rg6 87. Ra5 Qd4 88. Rf2 Qd1 89. Rf1 Qe2+ 90. Rf2 Qe1 91. Raa2 Qg1+
92. Kf3 Kh6 93. Rad2 Rc5 94. Rd5 Rc3+ 95. Ke2 Qc1 96. Rd2 Rxh3 97. Rf1 Rh2+ 98.
Rf2 Qc4+ 99. Ke3 Rh3+ 100. Rf3 Rh1 101. Rd3 Qc5+ 102. Qxc5 dxc5 103. Rc3 Re1+
104. Kd3 Rg1 105. Rxc5 Rxg4 106. Rb5 Rh4 107. Rff5 g4 108. Rb1 g3 109. Rg1 g2
110. Rf2 Rhg4 111. Ke3 Kh5 112. Kd4 Kh4 113. Kd5 R6g5+ 114. Ke6 Rxe4+ 115. Kf7
Kh3 116. Rd2 Ree5 117. Rd3+ Kh2 118. Rdd1 h5 119. Kf8 h4 120. Kf7 Rd5 121. Rb1
h3 122. Ra1 Ra5 123. Rab1 f5 124. Rbd1 Rd5 125. Rc1 Rc5 126. Rcd1 f4 127. Ra1
f3 128. Rgb1 f2 129. Ra2 g1=Q 130. Rxg1 Kxg1 131. Ke7 f1=Q 132. Ra1 Qxa1 133.
Kd6 Qe1 134. Kd7 Rgd5# {Hossa checkmated} 0-1

[Event "ICS rated blitz match"]
[Site "204.178.125.65"]
[Date "2001.07.16"]
[Round "?"]
[White "PostModernist"]
[Black "Hossa"]
[Result "1-0"]
[WhiteElo "2748"]
[BlackElo "2609"]
[PlyCount "124"]
[EventDate "2001.??.??"]

1. e4 c5 2. Nf3 Nc6 3. d4 cxd4 4. Nxd4 Nf6 5. Nc3 e5 6. Ndb5 d6 7. Bg5 a6 8.
Na3 b5 9. Nd5 Be7 10. Bxf6 Bxf6 11. c3 Bg5 12. Nc2 O-O 13. a4 bxa4 14. Rxa4 a5
15. Bc4 Rb8 16. b3 Kh8 17. O-O g6 18. Qd3 Bd7 19. Nde3 Be7 20. Rd1 Na7 21. Raa1
Nc6 22. Bd5 Qc7 23. Ra3 f5 24. exf5 gxf5 25. Bxc6 Bxc6 26. Nxf5 Rf6 27. Nce3
Bf8 28. c4 d5 29. Raa1 d4 30. Ng4 Rg6 31. f3 Bc5 32. h3 Bd7 33. Re1 Bxf5 34.
Qxf5 d3+ 35. Kh1 Bd4 36. Rad1 Rxb3 37. Nxe5 Bxe5 38. Rxe5 Rb8 39. Rxa5 Rbg8 40.
Ra2 Qxc4 41. Rad2 Qh4 42. Qe5+ R6g7 43. Rxd3 Qg3 44. Qxg3 Rxg3 45. R1d2 Kg7 46.
Rd7+ Kg6 47. Kh2 Kh6 48. f4 Re3 49. g4 Rge8 50. f5 R8e7 51. Rxe7 Rxe7 52. Kg3
Ra7 53. Rd6+ Kg7 54. g5 Kf8 55. h4 Ke7 56. Rb6 Kf7 57. Kg4 Kg8 58. Kh5 Ra4 59.
f6 Rd4 60. Rb8+ Kf7 61. Rh8 Ke6 62. Rxh7 Rd8 {Hossa resigns} 1-0

[Event "ICS rated blitz match"]
[Site "204.178.125.65"]
[Date "2001.07.16"]
[Round "?"]
[White "Polloman"]
[Black "Hossa"]
[Result "0-1"]
[WhiteElo "2097"]
[BlackElo "2599"]
[PlyCount "33"]
[EventDate "2001.??.??"]

1. e4 c5 2. Nf3 Nc6 3. d4 cxd4 4. Nxd4 g6 5. c4 Nf6 6. Nc3 d6 7. Be3 Ng4 8. Bc1
Bg7 9. f3 Nxd4 10. fxg4 Bxg4 11. Be2 Nxe2 12. Nxe2 O-O 13. O-O Qb6+ 14. Kh1
Rac8 15. h3 Be6 16. Bg5 Bxc4 17. Rf2 {Polloman resigns} 0-1

[Event "ICS rated blitz match"]
[Site "204.178.125.65"]
[Date "2001.07.16"]
[Round "?"]
[White "Hossa"]
[Black "jo"]
[Result "1-0"]
[WhiteElo "2601"]
[BlackElo "2734"]
[PlyCount "135"]
[EventDate "2001.??.??"]

1. e4 c5 2. Nf3 e6 3. d3 a6 4. Be2 b6 5. O-O d6 6. Nc3 Nf6 7. Be3 Be7 8. Ng5 h6
9. Nf3 O-O 10. Nd2 Bb7 11. Bh5 Nbd7 12. Bf3 Qc7 13. Bf4 Rfd8 14. Nc4 Ne5 15.
Bxe5 dxe5 16. a4 Nd7 17. Bg4 Rab8 18. Qf3 Rbc8 19. Bh5 Rf8 20. Qe2 Nb8 21. Qd1
Nc6 22. Nb1 Rcd8 23. Nbd2 Nd4 24. c3 Nc6 25. Qc2 Rd7 26. Be2 Rfd8 27. Qb3 Na5
28. Qxb6 Nxc4 29. Qxc7 Rxc7 30. Nxc4 f6 31. g3 Bf8 32. Kg2 Bc8 33. f4 exf4 34.
gxf4 Bb7 35. Kf3 Bc8 36. Rg1 Kh8 37. Rg3 Bb7 38. Rag1 Bc8 39. h4 Bb7 40. Rg6
Bc6 41. a5 Be8 42. R6g2 Bb5 43. Ke3 Be8 44. e5 f5 45. b3 Bb5 46. Rg6 Re8 47.
Nd6 Bxd6 48. exd6 Rd7 49. Bf3 Rg8 50. c4 Rxd6 51. cxb5 axb5 52. h5 Ra6 53. Ra1
Re8 54. Bb7 Ra7 55. Bc6 Ree7 56. a6 Kg8 57. Bxb5 Kf8 58. d4 Kf7 59. dxc5 Kf8
60. Rd1 Kf7 61. b4 Rec7 62. Bc4 Re7 63. b5 Rac7 64. b6 Rxc5 65. b7 Rxc4 66.
b8=Q Rc3+ 67. Rd3 Rcc7 68. Qh8 {jo resigns} 1-0

[Event "ICS rated standard match"]
[Site "204.178.125.65"]
[Date "2001.07.16"]
[Round "?"]
[White "Hossa"]
[Black "mohammedosama"]
[Result "1-0"]
[WhiteElo "2271"]
[BlackElo "2246"]
[PlyCount "53"]
[EventDate "2001.??.??"]

1. e4 c5 2. Nc3 e6 3. g3 d5 4. exd5 exd5 5. d4 Nf6 6. Bg5 cxd4 7. Bxf6 Qxf6 8.
Nxd5 Qe5+ 9. Qe2 Qxe2+ 10. Nxe2 Bd6 11. Nxd4 Be6 12. Nxe6 fxe6 13. Bb5+ Nc6 14.
Bxc6+ bxc6 15. Ne3 O-O 16. Nc4 Bc5 17. f4 Rab8 18. O-O-O Rb4 19. b3 a5 20. Rhe1
a4 21. Rxe6 axb3 22. cxb3 Ra8 23. Rxc6 Be7 24. Rd7 Bf6 25. Nb6 Rxa2 26. Rc8+
Bd8 27. Rcxd8# {mohammedosama checkmated} 1-0

[Event "ICS rated blitz match"]
[Site "204.178.125.65"]
[Date "2001.07.16"]
[Round "?"]
[White "popugai"]
[Black "Hossa"]
[Result "0-1"]
[WhiteElo "2189"]
[BlackElo "2623"]
[PlyCount "238"]
[EventDate "2001.??.??"]

1. d4 Nf6 2. c3 d5 3. Bf4 Bg4 4. Bg3 Ne4 5. Nf3 Nxg3 6. hxg3 Nc6 7. Nbd2 e6 8.
e3 Qd7 9. Be2 O-O-O 10. O-O Be7 11. Qb3 Kb8 12. Rfe1 h5 13. Nh2 Bxe2 14. Rxe2
h4 15. gxh4 Rxh4 16. Ndf1 Rdh8 17. g3 R4h7 18. f4 Bd6 19. Qc2 Ne7 20. Rd1 Rh6
21. Rdd2 Nc6 22. Rg2 Na5 23. Rde2 Qc6 24. b3 Qd7 25. Qd3 Nc6 26. Qd2 R6h7 27.
Qd3 Ne7 28. Qd2 Nf5 29. Qd3 Ba3 30. Qc2 Nd6 31. Qd3 Rh6 32. Qc2 Qe7 33. Qd3 Rh5
34. Qc2 Qd7 35. Qd3 Rh3 36. Qc2 R3h6 37. Qd3 c6 38. Qc2 Qe7 39. Qd3 Rh3 40. Qc2
Ne4 41. Qd3 R3h7 42. Qc2 Qd7 43. Qd3 Nf6 44. Qc2 Rh3 45. Qd3 R3h5 46. Qc2 Bd6
47. Qd3 Qc7 48. Qc2 Nd7 49. Qd3 Be7 50. Qc2 R5h6 51. Qd3 Nb6 52. Qc2 Qd7 53.
Qd3 Bd6 54. Qc2 Rh5 55. Qd3 Be7 56. a4 R5h6 57. Qc2 Bd6 58. Qd3 Ba3 59. a5 Nc8
60. b4 Nd6 61. Ra2 Nb5 62. Rae2 Bc1 63. Qc2 Ba3 64. Qb3 Qe7 65. Qc2 Qc7 66. Qd3
Nd6 67. Ra2 Nc4 68. Nd2 Bc1 69. Nxc4 dxc4 70. Qe2 g5 71. Rc2 gxf4 72. exf4 Ba3
73. Ra2 Bxb4 74. cxb4 Qc8 75. Qxc4 f5 76. Qe2 R6h7 77. Qf3 b5 78. axb6 Qe8 79.
bxa7+ Rxa7 80. Rxa7 Kxa7 81. Ra2+ Kb6 82. Qc3 Qf8 83. Qc5+ Qxc5 84. bxc5+ Kb5
85. Nf3 Kc4 86. Ra4+ Kb5 87. Ra7 Rg8 88. Re7 Rxg3+ 89. Kf2 Rg4 90. Rxe6 Rxf4
91. Ke3 Rg4 92. Rxc6 Re4+ 93. Kd3 Kxc6 94. Nd2 Re1 95. Nf3 Rd1+ 96. Ke2 Rh1 97.
Ke3 Kd5 98. Kf4 Rf1 99. Ke3 Rd1 100. Kf4 Ke6 101. Ng5+ Kf6 102. Nf3 Rf1 103.
Ke3 Ke6 104. Ke2 Rb1 105. Kd3 Rb3+ 106. Ke2 Kd5 107. Kf2 Ra3 108. Kg3 Ke4 109.
c6 Rxf3+ 110. Kg2 Rc3 111. d5 Kxd5 112. Kf2 Rxc6 113. Ke2 Ke4 114. Kf2 f4 115.
Ke2 f3+ 116. Kd2 Rc5 117. Ke1 Ke3 118. Kd1 Rc4 119. Ke1 Rc1# {
popugai checkmated} 0-1

[Event "ICS rated blitz match"]
[Site "204.178.125.65"]
[Date "2001.07.16"]
[Round "?"]
[White "Hossa"]
[Black "popugai"]
[Result "1-0"]
[WhiteElo "2625"]
[BlackElo "2187"]
[PlyCount "139"]
[EventDate "2001.??.??"]

1. d4 d5 2. c4 e6 3. Nc3 Nf6 4. Bg5 c6 5. cxd5 exd5 6. e3 Be7 7. Bd3 O-O 8.
Nge2 h6 9. Bh4 Nbd7 10. O-O Re8 11. Qc2 b6 12. f3 Bb7 13. e4 dxe4 14. fxe4 c5
15. Bg3 cxd4 16. Nb5 Bc5 17. Nc7 Ne5 18. Bxe5 Rxe5 19. Nxa8 Bxa8 20. Ng3 Ng4
21. Rf4 Ne3 22. Qf2 Re7 23. Nf5 Nxf5 24. Rxf5 Qe8 25. Re1 Bxe4 26. Bxe4 Rxe4
27. Kf1 Qb5+ 28. Re2 d3 29. Rd2 Qc4 30. Qf3 Qc1+ 31. Qd1 Qxd1+ 32. Rxd1 Rd4 33.
Rf3 d2 34. Rf2 Bb4 35. a3 Bc5 36. Rfxd2 Rf4+ 37. Ke2 Rf2+ 38. Kd3 Rf6 39. Kc4
Kh7 40. Rd7 a5 41. R1d3 Bg1 42. g3 Bxh2 43. Re3 Bg1 44. Re4 Bc5 45. b4 axb4 46.
axb4 Bf2 47. g4 Kg6 48. Rd5 Bg3 49. Red4 Rf4 50. Rxf4 Bxf4 51. Kb5 Be3 52. Rf5
f6 53. Kc6 Kf7 54. Rd5 g6 55. Rd7+ Ke6 56. Rd3 Bg1 57. Rh3 f5 58. Rxh6 Kf6 59.
gxf5 Kxf5 60. Kd5 g5 61. Rh1 Be3 62. Rf1+ Kg6 63. Re1 Bf2 64. Re6+ Kh5 65. Re2
Bg1 66. Ke4 g4 67. Rg2 Bc5 68. bxc5 bxc5 69. Kf5 c4 70. Rh2# {
popugai checkmated} 1-0

[Event "ICS rated blitz match"]
[Site "204.178.125.65"]
[Date "2001.07.16"]
[Round "?"]
[White "popugai"]
[Black "Hossa"]
[Result "0-1"]
[WhiteElo "2185"]
[BlackElo "2627"]
[PlyCount "35"]
[EventDate "2001.??.??"]

1. d4 Nf6 2. c3 d5 3. Bf4 Bg4 4. Bg3 Ne4 5. Nf3 Nxg3 6. hxg3 Nc6 7. Nbd2 e6 8.
e3 Qd7 9. Be2 O-O-O 10. O-O Be7 11. Re1 h5 12. Qb3 h4 13. gxh4 Bxh4 14. Nxh4
Bxe2 15. Rxe2 Rxh4 16. Nf3 Rh6 17. g3 Rdh8 18. c4 {popugai resigns} 0-1

[Event "ICS rated standard match"]
[Site "204.178.125.65"]
[Date "2001.07.16"]
[Round "?"]
[White "Hossa"]
[Black "Tsar"]
[Result "1-0"]
[WhiteElo "2272"]
[BlackElo "2055"]
[PlyCount "47"]
[EventDate "2001.??.??"]

1. e4 c5 2. Nf3 Nc6 3. d4 cxd4 4. Nxd4 Nf6 5. Nc3 d6 6. Bc4 e6 7. O-O Be7 8.
Be3 O-O 9. Be2 e5 10. Nf3 h6 11. Qc1 Be6 12. h3 Qa5 13. Qd2 Rfd8 14. Rfd1 a6
15. Nd5 Qxd2 16. Nxe7+ Nxe7 17. Nxd2 d5 18. Bc5 Nc6 19. Bf3 Nd4 20. Bxd4 exd4
21. exd5 Nxd5 22. Nb3 Nb4 23. Bxb7 Rab8 24. Be4 {Tsar resigns} 1-0

[Event "ICS rated blitz match"]
[Site "204.178.125.65"]
[Date "2001.07.16"]
[Round "?"]
[White "Hossa"]
[Black "PostModernist"]
[Result "1/2-1/2"]
[WhiteElo "2642"]
[BlackElo "2751"]
[PlyCount "124"]
[EventDate "2001.??.??"]

1. e4 e5 2. Nf3 Nf6 3. Nxe5 d6 4. Nf3 Nxe4 5. d4 Bg4 6. Bd3 Nf6 7. O-O Be7 8.
h3 Bd7 9. Re1 O-O 10. c3 Nc6 11. Qc2 d5 12. Bf4 Re8 13. Nbd2 a6 14. Re3 h6 15.
Rae1 Be6 16. Nb3 Nh5 17. Bh7+ Kh8 18. Bh2 Nf6 19. Bf5 Bxf5 20. Qxf5 Kg8 21. Ne5
Nxe5 22. Rxe5 a5 23. Nd2 b5 24. R5e3 Bd6 25. Rxe8+ Nxe8 26. Bxd6 Qxd6 27. Nb3
Nf6 28. Nc5 a4 29. g3 a3 30. b4 Qc6 31. f3 g6 32. Qf4 Nh5 33. Qe5 Ng7 34. Kf2
Re8 35. Qf4 Rxe1 36. Kxe1 g5 37. Qc1 Qd6 38. Kf2 Nh5 39. Qg1 Kf8 40. Nd3 f6 41.
Qh2 Qc6 42. Nc5 Qe8 43. Qg1 Qe7 44. Qd1 c6 45. f4 gxf4 46. gxf4 Ng7 47. Qg4 f5
48. Qg6 Qh4+ 49. Kg2 Qe1 50. Nd7+ Kg8 51. Qxc6 Qe2+ 52. Kg1 Qe3+ 53. Kg2 Qe4+
54. Kg1 Qb1+ 55. Kf2 Qxa2+ 56. Kg3 Qa1 57. Qxd5+ Kh7 58. Nf8+ Kh8 59. Ng6+ Kh7
60. Nf8+ Kh8 61. Ng6+ Kh7 62. Nf8+ Kh8 {Game drawn by repetition} 1/2-1/2

[Event "ICS rated blitz match"]
[Site "204.178.125.65"]
[Date "2001.07.16"]
[Round "?"]
[White "PostModernist"]
[Black "Hossa"]
[Result "1-0"]
[WhiteElo "2746"]
[BlackElo "2647"]
[PlyCount "100"]
[EventDate "2001.??.??"]

1. Nf3 d5 2. g3 Nf6 3. Bg2 Nc6 4. d4 Bf5 5. O-O e6 6. b3 Be7 7. Bb2 Qd7 8. c4
Ne4 9. Nc3 O-O-O 10. Qc1 h5 11. Rd1 Nxc3 12. Qxc3 h4 13. Ne5 Nxe5 14. dxe5 c6
15. cxd5 hxg3 16. fxg3 exd5 17. e4 Bh3 18. Rxd5 Qe6 19. Bf3 Qh6 20. Bc1 Qh7 21.
Rxd8+ Bxd8 22. Be3 Be6 23. Qd2 Bc7 24. Rd1 b6 25. Bd4 c5 26. Bc3 g5 27. Qe2 Qh3
28. Qf2 g4 29. Be2 Qh5 30. h4 Bxe5 31. Ba6+ Kb8 32. Qb2 Bxc3 33. Qxc3 Qh6 34.
Qe5+ Ka8 35. Kg2 Bc8 36. Bxc8 Rxc8 37. Qd5+ Qc6 38. Qxc6+ Rxc6 39. Rd8+ Kb7 40.
Rd7+ Kb8 41. Rxf7 c4 42. bxc4 Rxc4 43. h5 Rxe4 44. h6 Re2+ 45. Kg1 Re1+ 46. Kf2
Re8 47. h7 Rh8 48. Rg7 Rxh7 49. Rxh7 a6 50. Ke3 a5 {Hossa resigns} 1-0

[Event "ICS rated blitz match"]
[Site "204.178.125.65"]
[Date "2001.07.16"]
[Round "?"]
[White "Hossa"]
[Black "PostModernist"]
[Result "0-1"]
[WhiteElo "2635"]
[BlackElo "2758"]
[PlyCount "137"]
[EventDate "2001.??.??"]

1. e4 e5 2. Nf3 Nf6 3. Nxe5 d6 4. Nxf7 Kxf7 5. d4 Bg4 6. f3 Bh5 7. Bd3 Kg8 8.
c3 Bf7 9. O-O Be7 10. Kh1 Nc6 11. Be3 Qf8 12. Nd2 Re8 13. Bb5 Rb8 14. Ba4 a5
15. Qe2 Ra8 16. Nb3 Nd8 17. c4 Be8 18. Bxe8 Nxe8 19. c5 dxc5 20. Nxc5 Bxc5 21.
Qc4+ Qf7 22. Qxc5 c6 23. Qe5 Qe6 24. Qh5 Nf6 25. Qh4 Nf7 26. Rfe1 Nd6 27. Bf4
Nb5 28. Be3 a4 29. Re2 Rf8 30. Qg5 Qc4 31. Rd2 h6 32. Qe5 Re8 33. Qf4 Qe6 34.
Qh4 Kh7 35. Rd3 Rhf8 36. a3 Qc4 37. Rad1 Kg8 38. Kg1 Rd8 39. Qg3 Kh8 40. Qh4
Rde8 41. Bg5 Nh7 42. Be3 Qc2 43. R3d2 Qb3 44. Re1 Nd6 45. Rde2 Nc4 46. Bf2 Nf6
47. Rc1 Nd5 48. Ree1 Nf4 49. Rc3 Qb5 50. Rc2 Nd3 51. Ree2 Ncxb2 52. Be3 Rf6 53.
e5 Rfe6 54. Kh1 Nc4 55. Bg1 Nxa3 56. Rc3 Nb1 57. Rcc2 a3 58. Re3 Nb4 59. Qf2 h5
60. Rce2 Qc4 61. Qe1 Nc2 62. Rxc2 Qxc2 63. Re2 Qc4 64. Qf2 c5 65. Rc2 Qxd4 66.
Qf1 Qb4 67. Bxc5 Qb3 68. Rc1 Rxe5 69. Bd4 {Hossa resigns} 0-1